Score 0/16 Timer 04:00
0 Plays Today
% Correct
James Taylor
95.5%
Franklin Pierce
95.4%
Little Richard
95.3%
Ray Charles
94.9%
Gore Vidal
93.8%
Rand Paul
91.1%
Martin Luther
89.7%
Stewart Granger
88.1%
% Correct
Kendrick Lamar
86.4%
Owen Wilson
86.2%
Warren Christopher
83.3%
Sinclair Lewis
79.3%
Thomas Jefferson
77.9%
Harper Lee
74.2%
Ridley Scott
74%
Percy Shelley
71.1%
Remove Ads.
Support Sporcle.
Get the best of Sporcle when you Go Orange. This ad-free experience offers more features, more stats, and more fun while also helping to support Sporcle. Thank you for becoming a member.

You're not logged in!

Compare scores with friends on all Sporcle quizzes.
OR
Log In

Show Comments

Extras

Top Quizzes Today


Score Distribution

Your Account Isn't Verified!

In order to create a playlist on Sporcle, you need to verify the email address you used during registration. Go to your Sporcle Settings to finish the process.

Report this User

Report this user for behavior that violates our Community Guidelines.

Details: